[Event "4NCL Division 3"]
[Site "Daventry Court ENG"]
[Date "2014.05.05"]
[Round "11.76"]
[White "Macdonald-Ross, Michael"]
[Black "Tozer, Philip AA"]
[Result "1/2-1/2"]
[WhiteElo "2136"]
[BlackElo "2151"]
[PlyCount "77"]
[EventDate "2014.05.05"]
[WhiteTeam "MK Phoenix 1"]
[BlackTeam "Anglian Avengers 2"]

1. d4 e6 2. Nf3 Nf6 3. e3 d5 4. Bd3 c5 5. b3 Nc6 6. Bb2 Bd6 7. Nbd2 O-O 8. O-O
b6 9. a3 Bb7 10. Ne5 Rc8 11. Qf3 Qc7 12. Qg3 Ne7 13. f4 cxd4 14. Bxd4 Ng6 15.
c3 Ne4 16. Bxe4 dxe4 17. Ndc4 Bc5 18. Bxc5 bxc5 19. Nxg6 hxg6 20. Ne5 Rfd8 21.
Rfd1 Qa5 22. Qe1 Ba6 23. Rxd8+ Qxd8 24. c4 f6 25. Nxg6 Qe8 26. f5 exf5 27. Nf4
Bb7 28. Rd1 Rd8 29. Rd2 g5 30. Nh5 Kf7 31. Qd1 Rxd2 32. Qxd2 Kg6 33. Qd1 Qe5
34. h3 Qc3 35. Qd7 f4 36. Qg7+ Kf5 37. Qd7+ Kg6 38. Qg7+ Kf5 39. Qd7+ 1/2-1/2

[Event "4NCL Division 3"]
[Site "Daventry Court ENG"]
[Date "2014.05.05"]
[Round "11.77"]
[White "Menzies, Colin W"]
[Black "Brown, Alan M"]
[Result "0-1"]
[WhiteElo "2138"]
[BlackElo "2090"]
[PlyCount "90"]
[EventDate "2014.05.05"]
[WhiteTeam "Anglian Avengers 2"]
[BlackTeam "MK Phoenix 1"]

1. Nf3 Nf6 2. b3 g6 3. Bb2 Bg7 4. e3 O-O 5. Be2 d5 6. O-O c5 7. d4 cxd4 8. Nxd4
Nc6 9. Nd2 Nxd4 10. Bxd4 Bf5 11. c4 Rc8 12. Bf3 Bd3 13. Re1 dxc4 14. Nxc4 Bxc4
15. bxc4 b6 16. Qa4 Qc7 17. Qa3 Rfd8 18. Rac1 e5 19. Bb2 Nd7 20. Bg4 f5 21. Bf3
Nc5 22. Bd5+ Kh8 23. e4 Rf8 24. Rc3 Rcd8 25. Rh3 fxe4 26. Qg3 Qd6 27. Qh4 h5
28. Ba3 Qf6 29. Qg3 Qf4 30. Bxc5 bxc5 31. Bxe4 Qxe4 32. f3 Qd4+ 33. Kh1 Kh7 34.
Rh4 Rf4 35. Rh3 Qd2 36. Rg1 Bf6 37. Rxh5+ gxh5 38. Qh3 Rh4 39. Qf5+ Kg7 40. h3
Qd3 41. Qe6 Qxc4 42. Qc6 Qd5 43. Qb5 Rd4 44. Kh2 Rd1 45. Rxd1 Qxd1 0-1

[Event "4NCL Division 3"]
[Site "Daventry Court ENG"]
[Date "2014.05.05"]
[Round "11.78"]
[White "Habershon, Paul F"]
[Black "LeMoir, David A"]
[Result "1/2-1/2"]
[WhiteElo "2069"]
[BlackElo "2114"]
[PlyCount "44"]
[EventDate "2014.05.05"]
[WhiteTeam "MK Phoenix 1"]
[BlackTeam "Anglian Avengers 2"]

1. e4 e5 2. Nf3 Nc6 3. d4 exd4 4. Nxd4 g6 5. c4 Bg7 6. Be3 Qe7 7. Nc3 Nf6 8. f3
O-O 9. Qd2 Nxd4 10. Bxd4 c6 11. O-O-O d6 12. g4 Be6 13. h4 c5 14. Be3 Rfd8 15.
h5 a6 16. Bg5 b5 17. cxb5 axb5 18. Bxb5 Bxa2 19. Bc6 Ra7 20. Bd5 Bxd5 21. Nxd5
Qe5 22. Nxf6+ Bxf6 1/2-1/2

[Event "4NCL Division 3"]
[Site "Daventry Court ENG"]
[Date "2014.05.05"]
[Round "11.79"]
[White "Myall, Ivan J"]
[Black "Reuben, Stewart"]
[Result "1/2-1/2"]
[WhiteElo "2054"]
[BlackElo "2063"]
[PlyCount "79"]
[EventDate "2014.05.05"]
[WhiteTeam "Anglian Avengers 2"]
[BlackTeam "MK Phoenix 1"]

1. e4 c5 2. c3 b6 3. d4 Bb7 4. Bd3 g6 5. Nf3 Bg7 6. Be3 d6 7. O-O Nf6 8. d5 O-O
9. Qd2 e6 10. dxe6 fxe6 11. Ng5 Qe7 12. f3 Nbd7 13. Na3 d5 14. exd5 exd5 15.
Nh3 Ne5 16. Bc2 Qd7 17. Bf4 Rae8 18. Rae1 Nh5 19. Bxe5 Rxe5 20. Rxe5 Bxe5 21.
f4 Qf7 22. g3 Qd7 23. Nf2 Bg7 24. Be4 Rd8 25. Rd1 Nf6 26. Bg2 d4 27. Bxb7 Qxb7
28. Qe2 Qd5 29. cxd4 cxd4 30. b3 Re8 31. Qc4 Re3 32. Qc8+ Kf7 33. Nc4 Re8 34.
Qc7+ Kg8 35. Ne5 Bf8 36. Rxd4 Qxd4 37. Qf7+ Kh8 38. Qxf6+ Bg7 39. Nf7+ Kg8 40.
Nh6+ 1/2-1/2

[Event "4NCL Division 3"]
[Site "Daventry Court ENG"]
[Date "2014.05.05"]
[Round "11.80"]
[White "Smith, Graham M"]
[Black "Wallis, Ian J"]
[Result "1-0"]
[WhiteElo "2059"]
[BlackElo "2020"]
[PlyCount "81"]
[EventDate "2014.05.05"]
[WhiteTeam "MK Phoenix 1"]
[BlackTeam "Anglian Avengers 2"]

1. Nf3 Nc6 2. d4 d6 3. g3 Nf6 4. Bg2 g6 5. O-O Bg7 6. c3 O-O 7. Nbd2 e5 8. dxe5
Nxe5 9. Nxe5 dxe5 10. Nc4 Qe7 11. b3 Rd8 12. Qc2 Bf5 13. e4 Bd7 14. a4 b6 15.
Ba3 Qe6 16. f4 Ne8 17. f5 Qf6 18. fxg6 Qxg6 19. Be7 Rdc8 20. Rad1 Bc6 21. Ne3
Bf8 22. Nf5 Nd6 23. Nxd6 cxd6 24. Rxd6 Qg7 25. Bxf8 Qxf8 26. Qd2 Qe7 27. Rd1
Rc7 28. Qh6 Rd7 29. Rxd7 Bxd7 30. Qd6 Qxd6 31. Rxd6 Be6 32. c4 Kf8 33. Kf2 Ke7
34. Rd3 a6 35. Bf3 b5 36. cxb5 axb5 37. Bd1 f6 38. Rc3 Bd7 39. axb5 Bxb5 40.
Rc7+ Bd7 41. Bg4 1-0

[Event "4NCL Division 3"]
[Site "Daventry Court ENG"]
[Date "2014.05.05"]
[Round "11.85"]
[White "Hoffman, Hendrik"]
[Black "Lim, Zhuo Ren"]
[Result "0-1"]
[WhiteElo "2209"]
[BlackElo "2191"]
[PlyCount "120"]
[EventDate "2014.05.05"]
[WhiteTeam "Celtic Tigers 1"]
[BlackTeam "Sussex Smart Survivors 1"]

1. e4 c5 2. Nf3 d6 3. d4 cxd4 4. Nxd4 Nf6 5. Nc3 a6 6. Bg5 e6 7. f4 Qc7 8. Bxf6
gxf6 9. Qd2 Nc6 10. O-O-O Bd7 11. Be2 h5 12. Kb1 O-O-O 13. Rhf1 Nxd4 14. Qxd4
Be7 15. f5 Qc5 16. Qxc5+ dxc5 17. a4 Rdg8 18. Rf2 Kc7 19. Bc4 Bc8 20. Ne2 Rd8
21. Rxd8 Rxd8 22. fxe6 Rd1+ 23. Ka2 fxe6 24. Nf4 Rd4 25. Bxe6 Rxa4+ 26. Kb3
Rb4+ 27. Kc3 Bxe6 28. Nxe6+ Kd6 29. Nf4 Rxe4 30. Nxh5 Ke5 31. Ng3 Rf4 32. Re2+
Kd6 33. Ne4+ Kd5 34. Rd2+ Kc6 35. Kd3 f5 36. Ng3 c4+ 37. Ke3 Rh4 38. Nxf5 Bg5+
39. Ke2 Re4+ 40. Kd1 Bxd2 41. Kxd2 b5 42. g3 a5 43. h4 Kd5 44. c3 b4 45. h5 Ke5
46. Nd4 bxc3+ 47. bxc3 Kf6 48. Nf3 Rg4 49. Kc2 Rxg3 50. Nd2 Rg4 51. h6 Rh4 52.
h7 Rxh7 53. Nxc4 Ra7 54. Kb3 Ke6 55. Ka4 Kd5 56. Kb5 Rb7+ 57. Nb6+ Rxb6+ 58.
Kxb6 a4 59. Kb5 a3 60. c4+ Ke6 0-1

[Event "4NCL Division 3"]
[Site "Daventry Court ENG"]
[Date "2014.05.05"]
[Round "11.86"]
[White "Therrien, Alex L"]
[Black "Maciol, Ryszard"]
[Result "1/2-1/2"]
[WhiteElo "2243"]
[BlackElo "2200"]
[PlyCount "111"]
[EventDate "2014.05.05"]
[WhiteTeam "Sussex Smart Survivors 1"]
[BlackTeam "Celtic Tigers 1"]

1. d4 Nf6 2. c4 e6 3. Nc3 Bb4 4. e3 c5 5. Nge2 cxd4 6. exd4 O-O 7. a3 Be7 8.
Nf4 d6 9. Be2 Nc6 10. d5 Ne5 11. O-O Ne8 12. Be3 Nc7 13. b4 b6 14. Qb3 Ng6 15.
Nxg6 hxg6 16. a4 Bf6 17. Rfd1 exd5 18. cxd5 Bd7 19. Rac1 Re8 20. Bf3 Be5 21.
Ne2 Rc8 22. Nd4 Qf6 23. Nc6 Bxc6 24. Rxc6 Na6 25. Qc4 Rxc6 26. dxc6 Nc7 27. b5
Rb8 28. Rb1 Qf5 29. Rd1 Rd8 30. Bg4 Qf6 31. Bd7 d5 32. Qd3 Qh4 33. g3 Qxa4 34.
Rb1 Qc4 35. Qxc4 dxc4 36. Kf1 Kf8 37. Ke2 Ke7 38. Rb4 Bd6 39. Rb1 Nd5 40. Kd2
Be5 41. Kc2 Rxd7 42. cxd7 Kxd7 43. Rd1 Ke6 44. Bd4 Bxd4 45. Rxd4 Nc7 46. Rxc4
Nxb5 47. Rc8 Nd6 48. Rg8 a5 49. Rxg7 Ne4 50. Rg8 Nxf2 51. Rb8 Ng4 52. Rxb6+ Kf5
53. h3 Nf2 54. Rb5+ Ke4 55. Rxa5 Nxh3 56. Ra3 1/2-1/2

[Event "4NCL Division 3"]
[Site "Daventry Court ENG"]
[Date "2014.05.05"]
[Round "11.87"]
[White "Kemp, Peter D"]
[Black "Graham, David B"]
[Result "1-0"]
[WhiteElo "2162"]
[BlackElo "2152"]
[PlyCount "81"]
[EventDate "2014.05.05"]
[WhiteTeam "Celtic Tigers 1"]
[BlackTeam "Sussex Smart Survivors 1"]

1. d4 Nf6 2. Nf3 g6 3. g3 Bg7 4. Bg2 d6 5. O-O O-O 6. c4 Nc6 7. Nc3 e5 8. d5
Ne7 9. e4 Ne8 10. Ne1 f5 11. Nd3 Nf6 12. f4 Nxe4 13. Nxe4 fxe4 14. Bxe4 Bf5 15.
Qe2 Qd7 16. Bxf5 Nxf5 17. fxe5 Nd4 18. Rxf8+ Rxf8 19. Qe4 Nf3+ 20. Kg2 Nxe5 21.
Bf4 Nxd3 22. Qxd3 Bxb2 23. Rb1 Qg7 24. Qe2 Bd4 25. Rxb7 Kh8 26. Bxd6 cxd6 27.
Rxg7 Kxg7 28. Qe7+ Rf7 29. Qxd6 h5 30. h4 Rf2+ 31. Kh3 Re2 32. Qc7+ Kg8 33.
Qb8+ Kg7 34. Qb1 Be5 35. Qd3 Rxa2 36. d6 g5 37. hxg5 h4 38. Kxh4 Rh2+ 39. Kg4
Rg2 40. d7 Bxg3 41. Qxg3 1-0

[Event "4NCL Division 3"]
[Site "Daventry Court ENG"]
[Date "2014.05.05"]
[Round "11.88"]
[White "Grant, David J"]
[Black "Pedersen, Carsten"]
[Result "1/2-1/2"]
[WhiteElo "2111"]
[BlackElo "2140"]
[PlyCount "119"]
[EventDate "2014.05.05"]
[WhiteTeam "Sussex Smart Survivors 1"]
[BlackTeam "Celtic Tigers 1"]

1. e4 e6 2. Nf3 d5 3. Nc3 Nf6 4. e5 Nfd7 5. d4 c5 6. dxc5 Nc6 7. Bf4 Bxc5 8.
Bd3 f6 9. exf6 Nxf6 10. O-O O-O 11. Bg5 h6 12. Bh4 Bd7 13. Qd2 a6 14. Rae1 b5
15. Bg6 Qc7 16. a3 Bd6 17. Re2 Ng4 18. Bg3 Nge5 19. Nxe5 Nxe5 20. Nxd5 Qc5 21.
Bxe5 exd5 22. Be4 Be6 23. b4 Qc6 24. Bxd6 Qxd6 25. Rd1 Rad8 26. Re3 Qb6 27. Rd3
Rde8 28. Bxd5 Bxd5 29. Rxd5 Qf6 30. Rd6 Qb2 31. Rxa6 Rd8 32. Rd6 Rxd6 33. Qxd6
Qxc2 34. Qd2 Qa4 35. Qd3 Ra8 36. g3 Qxa3 37. Qxa3 Rxa3 38. Rd8+ Kh7 39. Rb8 Rb3
40. Rxb5 Kg6 41. Kg2 h5 42. h4 Kh6 43. Rb6+ Kh7 44. b5 Kh8 45. Rb7 Kh7 46. Kf1
Rb2 47. Rb8 Kg6 48. b6 Kh7 49. Ke1 Kg6 50. Kd1 Rxf2 51. Rc8 Rb2 52. Rc6+ Kf5
53. Kc1 Rb5 54. Kc2 g5 55. hxg5 Kxg5 56. Kc3 Kg4 57. Kc4 Rb1 58. Rg6+ Kf5 59.
Rd6 Kg4 60. Rg6+ 1/2-1/2

[Event "4NCL Division 3"]
[Site "Daventry Court ENG"]
[Date "2014.05.05"]
[Round "11.89"]
[White "Quinn, John M"]
[Black "Cumming, Rhys"]
[Result "0-1"]
[WhiteElo "2135"]
[BlackElo "2038"]
[PlyCount "96"]
[EventDate "2014.05.05"]
[WhiteTeam "Celtic Tigers 1"]
[BlackTeam "Sussex Smart Survivors 1"]

1. d4 Nf6 2. c4 g6 3. Nc3 d5 4. Nf3 Bg7 5. Qb3 dxc4 6. Qxc4 O-O 7. e4 Nc6 8.
Be2 Bg4 9. d5 Bxf3 10. gxf3 Na5 11. Qa4 c6 12. dxc6 Nxc6 13. Be3 a6 14. Rd1 Qc8
15. h4 b5 16. Qb3 Qb7 17. h5 Nxh5 18. Rxh5 gxh5 19. Qd5 e5 20. Bg5 Kh8 21. Qd2
f6 22. Be3 h4 23. f4 h3 24. f5 h2 25. Bf3 Rg8 26. Ke2 Bh6 27. Qd6 Bg7 28. Nd5
Rad8 29. Qc5 Bf8 30. Qc1 b4 31. Bh1 Qb5+ 32. Kf3 Rc8 33. Qb1 Bg7 34. Bg2 b3 35.
a3 Qb7 36. Rh1 Ne7 37. Rxh2 Nxf5 38. Qh1 Bf8 39. Nxf6 Rg7 40. Nxh7 Rxh7 41.
Rxh7+ Qxh7 42. Qxh7+ Kxh7 43. exf5 Bxa3 44. Bf1 Bxb2 45. Bxa6 Rc3 46. Ke4 Bc1
47. Bd3 Bxe3 48. fxe3 b2 0-1

[Event "4NCL Division 3"]
[Site "Daventry Court ENG"]
[Date "2014.05.05"]
[Round "11.90"]
[White "Bucher, Grant W"]
[Black "Skulte, Christopher"]
[Result "1-0"]
[WhiteElo "2060"]
[BlackElo "1978"]
[PlyCount "109"]
[EventDate "2014.05.05"]
[WhiteTeam "Sussex Smart Survivors 1"]
[BlackTeam "Celtic Tigers 1"]

1. e4 c5 2. f4 d5 3. exd5 Nf6 4. Bb5+ Bd7 5. Bxd7+ Qxd7 6. c4 e6 7. Qe2 Bd6 8.
dxe6 Qxe6 9. Qxe6+ fxe6 10. Ne2 Nc6 11. O-O O-O-O 12. Nbc3 Nb4 13. Rf3 Bb8 14.
b3 Rd7 15. Rb1 Rhd8 16. Re3 e5 17. fxe5 Ng4 18. Re4 Nxe5 19. a3 Nbd3 20. Nd5
Rf7 21. Bb2 Nxb2 22. Rxb2 Rdf8 23. Rb1 Nd3 24. b4 Bd6 25. Re3 Ne5 26. bxc5 Bxc5
27. d4 Nxc4 28. Rc3 Nd2 29. Rxc5+ Kb8 30. Rcc1 Nxb1 31. Rxb1 Rf2 32. Ndc3 Kc7
33. h3 g5 34. Rd1 h5 35. d5 g4 36. hxg4 hxg4 37. Ng3 Rc2 38. Nge4 b6 39. d6+
Kd7 40. Nd5 Rd8 41. Ndf6+ Ke6 42. Nxg4 Rd7 43. Ngf6 Rg7 44. g4 Rc8 45. Kg2 Rg6
46. Rf1 b5 47. d7 Rxg4+ 48. Kf3 Rgg8 49. Nxg8 Kxd7 50. Ngf6+ Ke6 51. Rd1 a5 52.
Rd6+ Ke7 53. Rb6 b4 54. Nd5+ Kf8 55. Nxb4 1-0

[Event "4NCL Division 3"]
[Site "Daventry Court ENG"]
[Date "2014.05.05"]
[Round "11.95"]
[White "Maleki, Emanuel"]
[Black "Walker, David J"]
[Result "0-1"]
[WhiteElo "2261"]
[BlackElo "2271"]
[PlyCount "96"]
[EventDate "2014.05.05"]
[WhiteTeam "Fermented Sharks"]
[BlackTeam "North East England 1"]

1. e4 e6 2. d4 d5 3. e5 c5 4. c3 Nc6 5. Nf3 Nge7 6. Bd3 Nf5 7. O-O cxd4 8. Bxf5
exf5 9. cxd4 Be7 10. Nc3 Be6 11. a3 Rc8 12. b4 O-O 13. Na4 h6 14. Nc5 b6 15.
Nb3 a6 16. Qd3 Nb8 17. Bb2 Qd7 18. Rfc1 Qa4 19. Rxc8 Rxc8 20. Rc1 Rc4 21. Nfd2
Rxc1+ 22. Nxc1 a5 23. bxa5 Qxa5 24. Nb1 Nc6 25. Qc3 Qa4 26. Qb3 Qa7 27. Bc3 Na5
28. Bxa5 Qxa5 29. Nd3 f4 30. Nb4 Bxb4 31. Qxb4 Qa6 32. h3 f3 33. g4 Qe2 34. a4
Qd1+ 35. Kh2 Qf1 36. Kg3 Qg2+ 37. Kf4 Qxf2 38. h4 Qg2 39. Nd2 f2 40. Qb5 g5+
41. hxg5 Qxg4+ 42. Ke3 Qxg5+ 43. Kd3 Bh3 44. Qxb6 f1=Q+ 45. Nxf1 Bxf1+ 46. Kc3
Qc1+ 47. Kb4 Qb2+ 48. Kc5 Qxb6+ 0-1

[Event "4NCL Division 3"]
[Site "Daventry Court ENG"]
[Date "2014.05.05"]
[Round "11.96"]
[White "Dunn, Andrew"]
[Black "Thorarinsson, Pall A"]
[Result "1-0"]
[WhiteElo "2227"]
[BlackElo "2233"]
[PlyCount "85"]
[EventDate "2014.05.05"]
[WhiteTeam "North East England 1"]
[BlackTeam "Fermented Sharks"]

1. d4 d5 2. Nf3 Nf6 3. Bf4 g6 4. c3 Bg7 5. h3 c6 6. Nbd2 Qb6 7. Qb3 Nbd7 8. e3
O-O 9. Be2 c5 10. O-O Nb8 11. Ne5 Nc6 12. Bf3 Nxe5 13. Bxe5 Qxb3 14. axb3 cxd4
15. Bxd4 a6 16. b4 Be6 17. Nb3 Nd7 18. Nc5 Nxc5 19. Bxc5 Bf6 20. Rfd1 Rfd8 21.
Rd2 Kf8 22. Rad1 Ke8 23. Bxd5 Bxd5 24. Rxd5 Rxd5 25. Rxd5 a5 26. bxa5 e6 27.
Rd3 Rxa5 28. Ba3 e5 29. e4 Ra4 30. f3 Be7 31. Bxe7 Kxe7 32. Rd5 Ke6 33. Rb5 Ra7
34. Rb6+ Ke7 35. Kf2 Kd7 36. Ke3 h5 37. h4 Ke7 38. g4 hxg4 39. fxg4 f6 40. Kd3
Kf7 41. b4 Kg7 42. Rb5 Kh6 43. Ra5 1-0

[Event "4NCL Division 3"]
[Site "Daventry Court ENG"]
[Date "2014.05.05"]
[Round "11.97"]
[White "Farkas, Daniel"]
[Black "Dargan, Paul AG"]
[Result "1-0"]
[WhiteElo "2120"]
[BlackElo "2163"]
[PlyCount "127"]
[EventDate "2014.05.05"]
[WhiteTeam "Fermented Sharks"]
[BlackTeam "North East England 1"]

1. e4 c5 2. c3 d5 3. exd5 Qxd5 4. d4 Nc6 5. Nf3 e5 6. Nxe5 Nxe5 7. dxe5 Qxe5+
8. Be2 Bd7 9. O-O O-O-O 10. Nd2 Bc6 11. Bg4+ f5 12. Re1 Qf4 13. Bf3 Bd6 14. g3
Bxf3 15. Nxf3 Qg4 16. Ng5 Nh6 17. Qxg4 fxg4 18. Ne6 Rde8 19. Bxh6 gxh6 20. Rad1
Bf8 21. c4 Rg8 22. b3 b6 23. Kf1 Rg6 24. Nxf8 Rxf8 25. Re7 Rgf6 26. f4 gxf3 27.
Rdd7 a5 28. Rc7+ Kb8 29. Rb7+ Ka8 30. Ra7+ Kb8 31. Reb7+ Kc8 32. Rxh7 Kb8 33.
Rhb7+ Kc8 34. Re7 Kb8 35. Kf2 Rd8 36. Reb7+ Kc8 37. Rc7+ Kb8 38. Rcb7+ Kc8 39.
Ra8+ Kxb7 40. Rxd8 a4 41. bxa4 Ka6 42. a3 h5 43. a5 bxa5 44. Ra8+ Kb6 45. Rb8+
Kc6 46. Rb5 Rd6 47. Rxa5 Rd3 48. Ra6+ Kc7 49. Rh6 Rxa3 50. Rxh5 Kb6 51. Rf5 Rc3
52. Rf4 Rc2+ 53. Kxf3 Rxh2 54. g4 Kc6 55. g5 Kd6 56. g6 Rh8 57. g7 Rg8 58. Rg4
Ke5 59. Rg5+ Kf6 60. Kf4 Ke6 61. Rg6+ Ke7 62. Kg5 Kf7 63. Kh6 Ra8 64. Kh7 1-0

[Event "4NCL Division 3"]
[Site "Daventry Court ENG"]
[Date "2014.05.05"]
[Round "11.98"]
[White "Wise, David"]
[Black "Stevenson, James AB"]
[Result "1/2-1/2"]
[WhiteElo "2102"]
[BlackElo "2101"]
[PlyCount "52"]
[EventDate "2014.05.05"]
[WhiteTeam "North East England 1"]
[BlackTeam "Fermented Sharks"]

1. d4 Nf6 2. c4 g6 3. Nc3 d5 4. cxd5 Nxd5 5. Nf3 Bg7 6. e4 Nxc3 7. bxc3 c5 8.
Be3 O-O 9. Qd2 Qa5 10. Rc1 cxd4 11. cxd4 Qxd2+ 12. Kxd2 e6 13. Rc7 b6 14. h4
Ba6 15. Bxa6 Nxa6 16. Rc4 Rad8 17. Ke2 Rd7 18. Ra4 Nb8 19. Rc1 h6 20. g4 Rfd8
21. Rac4 Na6 22. a4 Kh7 23. e5 Bf8 24. Bd2 Ba3 25. R1c2 Be7 26. g5 h5 1/2-1/2

[Event "4NCL Division 3"]
[Site "Daventry Court ENG"]
[Date "2014.05.05"]
[Round "11.99"]
[White "Agnew, Alan"]
[Black "Henderson, David"]
[Result "1-0"]
[WhiteElo "2081"]
[BlackElo "2102"]
[PlyCount "93"]
[EventDate "2014.05.05"]
[WhiteTeam "Fermented Sharks"]
[BlackTeam "North East England 1"]

1. e4 e5 2. Nf3 Nc6 3. Bc4 d6 4. d4 exd4 5. Nxd4 Be7 6. Nc3 Nf6 7. O-O O-O 8.
Re1 Re8 9. Nxc6 bxc6 10. Bf4 Be6 11. Bxe6 fxe6 12. Qd3 e5 13. Bg3 Qd7 14. Red1
Bf8 15. Qc4+ Kh8 16. Rab1 a5 17. a3 c5 18. Nd5 Qf7 19. Re1 Nxd5 20. Qxd5 Qxd5
21. exd5 Rab8 22. Re4 Rec8 23. Ra4 Rb5 24. c4 Rb3 25. Rxa5 Rcb8 26. Kf1 Rxb2
27. Rxb2 Rxb2 28. Bh4 Kg8 29. Bd8 Kf7 30. Bxc7 Rb7 31. Bd8 Be7 32. Bxe7 Kxe7
33. Ke2 Rb2+ 34. Ke3 Rb3+ 35. Ke4 Rc3 36. Kf5 g6+ 37. Kg5 Rxc4 38. Ra7+ Kd8 39.
Kf6 Rf4+ 40. Ke6 Rxf2 41. Kxd6 Kc8 42. Kc6 Kb8 43. Rb7+ Ka8 44. d6 c4 45. d7
Rd2 46. Rb4 c3 47. Kc7 1-0

[Event "4NCL Division 3"]
[Site "Daventry Court ENG"]
[Date "2014.05.05"]
[Round "11.100"]
[White "Prasath, Malola TS"]
[Black "McAleenan, Charles T"]
[Result "1-0"]
[WhiteElo "2052"]
[BlackElo "1804"]
[PlyCount "85"]
[EventDate "2014.05.05"]
[WhiteTeam "North East England 1"]
[BlackTeam "Fermented Sharks"]

1. e4 e6 2. d4 d5 3. exd5 exd5 4. Nf3 c6 5. Bd3 Bd6 6. O-O Ne7 7. Re1 Bg4 8. c4
dxc4 9. Bxc4 O-O 10. Bg5 Qc7 11. h3 Bh5 12. Nc3 Bb4 13. Qb3 Bxf3 14. Qxb4 Nd5
15. Bxd5 Bxd5 16. Re7 Nd7 17. Nxd5 cxd5 18. Qb5 Rad8 19. Qxd5 h6 20. Be3 Nb6
21. Qxb7 Qc2 22. Qxa7 Qxb2 23. Rc1 Nd5 24. Rb7 Qe2 25. Qa3 Rde8 26. Rb3 Ra8 27.
Rb2 Qh5 28. Qd3 Rfe8 29. Rc5 Rab8 30. Rbb5 Rxb5 31. Qxb5 Rd8 32. Kh2 Qf5 33. a4
Qe6 34. Rc6 Qe4 35. Rd6 Rxd6 36. Qb8+ Kh7 37. Qxd6 Nxe3 38. fxe3 Qxe3 39. a5 f5
40. Qe5 Qf2 41. a6 f4 42. a7 f3 43. Qf5+ 1-0

[Event "4NCL Division 3"]
[Site "Daventry Court ENG"]
[Date "2014.05.05"]
[Round "11.105"]
[White "Davey, Mark"]
[Black "Littlejohns, David P"]
[Result "1/2-1/2"]
[WhiteElo "1999"]
[BlackElo "2033"]
[PlyCount "86"]
[EventDate "2014.05.05"]
[WhiteTeam "Kings Head 2"]
[BlackTeam "West is Best 1"]

1. e4 c6 2. d4 d5 3. e5 Bf5 4. Bd3 Bxd3 5. Qxd3 e6 6. Ne2 g6 7. Nd2 Ne7 8. O-O
Nf5 9. f4 h5 10. Ng3 Nxg3 11. hxg3 Qb6 12. c4 Be7 13. c5 Qa6 14. Qf3 b6 15. b4
Qb7 16. Rb1 b5 17. Bb2 a5 18. a3 a4 19. Kf2 Na6 20. Rh1 O-O-O 21. Rh3 Qd7 22.
g4 hxg4 23. Qxg4 Rdg8 24. Rbh1 Qd8 25. Nf3 Nc7 26. Bc3 Qf8 27. Ke3 Ne8 28. Be1
Ng7 29. Bh4 Nf5+ 30. Kd3 Bxh4 31. Nxh4 Nxh4 32. Rxh4 Rxh4 33. Qxh4 g5 34. fxg5
Qg7 35. Ke3 Qg6 36. Qf4 Qc2 37. Qxf7 Qe4+ 38. Kf2 Qxd4+ 39. Kf1 Qd3+ 40. Kf2
Qd2+ 41. Kf1 Qd1+ 42. Kf2 Qd4+ 43. Kf1 Qd3+ 1/2-1/2

[Event "4NCL Division 3"]
[Site "Daventry Court ENG"]
[Date "2014.05.05"]
[Round "11.106"]
[White "Edgell, Ben P"]
[Black "Gilfillan, Andrew"]
[Result "1-0"]
[WhiteElo "2105"]
[BlackElo "1988"]
[PlyCount "67"]
[EventDate "2014.05.05"]
[WhiteTeam "West is Best 1"]
[BlackTeam "Kings Head 2"]

1. d4 d5 2. Nf3 Nf6 3. Nbd2 c5 4. c3 cxd4 5. cxd4 Nc6 6. a3 Bf5 7. e3 e6 8. b4
Bd6 9. Be2 O-O 10. Bb2 Rc8 11. Rc1 Bb8 12. O-O Ne4 13. Nxe4 Bxe4 14. g3 Qf6 15.
Nd2 Bf5 16. Nb3 b6 17. Bd3 h6 18. Qe2 Qg6 19. Bxf5 Qxf5 20. f3 Ne7 21. e4 dxe4
22. fxe4 Qg6 23. Qf3 Bc7 24. b5 Qg5 25. a4 Bd6 26. Rxc8 Nxc8 27. Bc1 Qd8 28. e5
Bb4 29. Qg4 f5 30. exf6 Rxf6 31. Rxf6 Qxf6 32. d5 Qc3 33. Qxe6+ Kh8 34. Bd2 1-0

[Event "4NCL Division 3"]
[Site "Daventry Court ENG"]
[Date "2014.05.05"]
[Round "11.107"]
[White "Whitehead, David J"]
[Black "Davies, Matthew"]
[Result "1-0"]
[WhiteElo "2013"]
[BlackElo "1943"]
[PlyCount "65"]
[EventDate "2014.05.05"]
[WhiteTeam "Kings Head 2"]
[BlackTeam "West is Best 1"]

1. e4 e6 2. d4 d5 3. Nc3 Nf6 4. Bg5 dxe4 5. Nxe4 Be7 6. Bxf6 Bxf6 7. Nf3 O-O 8.
c3 b6 9. Bd3 Nd7 10. Qc2 Bb7 11. O-O-O Rc8 12. Rhe1 Qe7 13. Kb1 Rfd8 14. h4
Bxe4 15. Bxe4 g6 16. h5 Nf8 17. hxg6 hxg6 18. Nh2 Bg7 19. g4 c5 20. d5 exd5 21.
Bxd5 Qc7 22. f4 c4 23. f5 Rd6 24. fxg6 Rxg6 25. Rf1 Rf6 26. Rxf6 Bxf6 27. Qf5
Bg7 28. g5 Re8 29. Ng4 Qd7 30. Qf3 Ne6 31. Bc6 Qe7 32. Bxe8 Qxe8 33. Nf6+ 1-0

[Event "4NCL Division 3"]
[Site "Daventry Court ENG"]
[Date "2014.05.05"]
[Round "11.108"]
[White "Taylor, William J"]
[Black "Disu, Kayode"]
[Result "1-0"]
[WhiteElo "2004"]
[BlackElo "1896"]
[PlyCount "41"]
[EventDate "2014.05.05"]
[WhiteTeam "West is Best 1"]
[BlackTeam "Kings Head 2"]

1. e4 e5 2. Nf3 Nc6 3. Bc4 Bc5 4. c3 Nf6 5. d3 a6 6. Bb3 d6 7. Nbd2 h6 8. Nf1
Be6 9. Be3 Ba7 10. Ng3 d5 11. Bxa7 Rxa7 12. O-O O-O 13. Re1 Re8 14. Nh4 Nxe4
15. dxe4 Qxh4 16. exd5 Rd8 17. Qf3 Bg4 18. Qe3 Raa8 19. dxc6 bxc6 20. Qxe5 Rd6
21. Re4 1-0

[Event "4NCL Division 3"]
[Site "Daventry Court ENG"]
[Date "2014.05.05"]
[Round "11.115"]
[White "Wallace, Paul A"]
[Black "Garnett, John S"]
[Result "1-0"]
[WhiteElo "2164"]
[BlackElo "1998"]
[PlyCount "91"]
[EventDate "2014.05.05"]
[WhiteTeam "Cheddleton 2"]
[BlackTeam "e2e4.org.uk 3"]

1. e4 c6 2. d4 d5 3. e5 c5 4. c4 Nc6 5. Nf3 Bg4 6. Nc3 cxd4 7. cxd5 dxc3 8.
dxc6 cxb2 9. Bxb2 Qa5+ 10. Qd2 Qxd2+ 11. Nxd2 bxc6 12. Rc1 Bd7 13. Ba6 e6 14.
Ne4 Rb8 15. Bd4 Bb4+ 16. Ke2 Ne7 17. Rb1 O-O 18. Nc5 Nf5 19. Nxd7 Nxd4+ 20. Kd3
Rbd8 21. Nxf8 Bxf8 22. Rhd1 Nb5+ 23. Ke3 Bc5+ 24. Kf4 Nd4 25. Rb7 g5+ 26. Ke4
Kg7 27. h3 Kg6 28. g3 h6 29. f4 f5+ 30. exf6 Kxf6 31. Rd3 gxf4 32. gxf4 h5 33.
Rb1 Ke7 34. Rbd1 Rb8 35. Rxd4 Bxd4 36. Rxd4 Rb2 37. Bc4 Rh2 38. Rd3 Rc2 39. Bb3
Rh2 40. Re3 Kf6 41. Rc3 Re2+ 42. Kf3 Rh2 43. Kg3 Re2 44. Rxc6 Kf5 45. Rc5+ Kg6
46. Re5 1-0

[Event "4NCL Division 3"]
[Site "Daventry Court ENG"]
[Date "2014.05.05"]
[Round "11.116"]
[White "Peat, Matthew"]
[Black "Richardson, Alex"]
[Result "0-1"]
[WhiteElo "2071"]
[BlackElo "2107"]
[PlyCount "74"]
[EventDate "2014.05.05"]
[WhiteTeam "e2e4.org.uk 3"]
[BlackTeam "Cheddleton 2"]

1. c4 Nf6 2. g3 c5 3. Bg2 d5 4. cxd5 Nxd5 5. Nc3 Nc7 6. Nf3 Nc6 7. O-O e5 8. a3
Rb8 9. Rb1 a5 10. d3 Be7 11. Nd2 Be6 12. Nc4 f6 13. Qa4 Kf7 14. Nxa5 Nxa5 15.
Qxa5 b5 16. f4 b4 17. axb4 cxb4 18. Ne4 Qd4+ 19. e3 Qxd3 20. fxe5 Rhc8 21. Ng5+
Kg8 22. Be4 Qxf1+ 23. Kxf1 fxg5 24. Kg2 Rb5 25. Qa7 Rxe5 26. Bb7 Bc5 27. Qa5
Bd6 28. Qb6 Rd8 29. e4 Rb5 30. Qc6 Rc5 31. Qa4 b3 32. Bxg5 Rxg5 33. Rd1 Rc5 34.
Bd5 Nxd5 35. e5 Rc2+ 36. Kh1 Ne3 37. Rxd6 Rc1+ 0-1

[Event "4NCL Division 3"]
[Site "Daventry Court ENG"]
[Date "2014.05.05"]
[Round "11.117"]
[White "Armstrong, Malcolm J"]
[Black "Ganger, Rajan"]
[Result "1/2-1/2"]
[WhiteElo "2114"]
[BlackElo "1990"]
[PlyCount "59"]
[EventDate "2014.05.05"]
[WhiteTeam "Cheddleton 2"]
[BlackTeam "e2e4.org.uk 3"]

1. d4 Nf6 2. Nf3 e6 3. g3 b6 4. Bg2 Bb7 5. O-O Be7 6. c4 c5 7. d5 exd5 8. Nh4
d6 9. Nf5 O-O 10. Nc3 Qd7 11. Nxe7+ Qxe7 12. Bg5 Nbd7 13. Bxd5 Bxd5 14. Nxd5
Qe5 15. Nxf6+ Nxf6 16. Bxf6 Qxf6 17. Qc2 Qe6 18. Rad1 Rad8 19. Rd5 Rfe8 20. e3
Qe4 21. Qxe4 Rxe4 22. b3 Kf8 23. Rfd1 Ke7 24. Kf1 Re5 25. R5d3 f5 26. f3 Re6
27. Kf2 Rb8 28. a4 a6 29. Ra1 g6 30. Ra2 1/2-1/2